[Event "Groningen Chess Festival 2007"]
[Site "Groningen NED"]
[Date "2007.12.23"]
[Round "3.15"]
[White "Otte, Marijn"]
[Black "De Jong, Migchiel"]
[Result "1/2-1/2"]
[PlyCount "65"]
[EventDate "2007.12.21"]
[EventType "swiss"]
[EventRounds "9"]
[EventCountry "NED"]
[Source "lmi"]
[SourceDate "2007.12.21"]
[WhiteElo "2155"]
[BlackElo "2341"]

1. e4 e6 2. d4 d5 3. Nd2 c5 4. Ngf3 cxd4 5. Nxd4 Nf6 6. exd5 Qxd5 7. N2f3 Nc6
8. Nxc6 Qxc6 9. Bd3 b6 10. Qe2 a6 11. Bg5 Bb7 12. O-O-O Be7 13. Rhe1 O-O 14.
Nd4 Qd5 15. Nf5 exf5 16. Qxe7 Rfe8 17. Qb4 Rxe1 18. Rxe1 Ne4 19. Bxe4 fxe4 20.
Be3 b5 21. Rd1 Qxa2 22. Qe7 h6 23. Bd4 Bc6 24. b3 Qa5 25. Bb2 b4 26. Qd6 Rc8
27. Kb1 Qg5 28. Re1 Qxg2 29. Re3 Qg1+ 30. Ka2 Qg6 31. Qxb4 f6 32. Qc4+ Qf7 33.
Rxe4 1/2-1/2

[Event "Groningen Chess Festival 2007"]
[Site "Groningen NED"]
[Date "2007.12.23"]
[Round "3.16"]
[White "Geurink, Jasper"]
[Black "Balje, Jan"]
[Result "1-0"]
[PlyCount "49"]
[EventDate "2007.12.21"]
[EventType "swiss"]
[EventRounds "9"]
[EventCountry "NED"]
[Source "lmi"]
[SourceDate "2007.12.21"]
[WhiteElo "2339"]
[BlackElo "2222"]

1. e4 c5 2. Nc3 Nc6 3. g3 g6 4. Bg2 Bg7 5. d3 d6 6. Be3 e5 7. Qd2 Nge7 8. Nge2
O-O 9. Bh6 Nd4 10. Bxg7 Kxg7 11. Nxd4 cxd4 12. Ne2 Be6 13. O-O Qd7 14. f4 f6
15. c3 dxc3 16. Nxc3 Bg4 17. Rf2 Rac8 18. Raf1 Be6 19. d4 Bc4 20. Rd1 exf4 21.
Rxf4 Kh8 22. Rf2 f5 23. d5 fxe4 24. Qd4+ Kg8 25. Rxf8+ 1-0

[Event "Groningen Chess Festival 2007"]
[Site "Groningen NED"]
[Date "2007.12.23"]
[Round "3.17"]
[White "Kodentsov, Grisja"]
[Black "Goudriaan, Etienne"]
[Result "0-1"]
[PlyCount "80"]
[EventDate "2007.12.21"]
[EventType "swiss"]
[EventRounds "9"]
[EventCountry "NED"]
[Source "lmi"]
[SourceDate "2007.12.21"]
[WhiteElo "2307"]
[BlackElo "2123"]

1. e4 c5 2. Nf3 d6 3. d4 cxd4 4. Nxd4 Nf6 5. Nc3 a6 6. Bc4 e6 7. Bb3 Be7 8. g4
h6 9. Rg1 b5 10. Qe2 b4 11. Na4 d5 12. e5 Ne4 13. Be3 Bd7 14. O-O-O Qa5 15. Nb6
Qxb6 16. Nxe6 Qxe3+ 17. fxe3 fxe6 18. Rxd5 exd5 19. Bxd5 Bc6 20. Qc4 Nc5 21.
Bf7+ Kd8 22. Rd1+ Kc7 23. e6 a5 24. Qd4 Nba6 25. Qxg7 Kb6 26. Bg6 Bg5 27. Qe5
Nc7 28. e7 N7e6 29. Bf7 Rhe8 30. Bxe8 Rxe8 31. Rd6 Bxe7 32. Rxe6 Nxe6 33. Qxe6
Bg5 34. Qd6 Rxe3 35. Qb8+ Ka6 36. Qc8+ Bb7 37. Qc4+ Ka7 38. Qc5+ Kb8 39. Qd6+
Ka8 40. Kd1 Bf3+ 0-1

[Event "Groningen Chess Festival 2007"]
[Site "Groningen NED"]
[Date "2007.12.23"]
[Round "3.21"]
[White "Vogel, Jaap"]
[Black "Cako, Laszlo"]
[Result "1/2-1/2"]
[PlyCount "27"]
[EventDate "2007.12.21"]
[EventType "swiss"]
[EventRounds "9"]
[EventCountry "NED"]
[Source "lmi"]
[SourceDate "2007.12.21"]
[WhiteElo "2218"]
[BlackElo "2168"]

1. c4 Nf6 2. g3 e6 3. Bg2 d5 4. Nf3 c6 5. b3 Be7 6. O-O b6 7. Bb2 O-O 8. d4 Ba6
9. Nbd2 Nbd7 10. Qc2 Rc8 11. e4 c5 12. exd5 exd5 13. a4 Re8 14. Rfe1 1/2-1/2

[Event "Groningen Chess Festival 2007"]
[Site "Groningen NED"]
[Date "2007.12.23"]
[Round "3.22"]
[White "Kleijn, Christov"]
[Black "Pijpers, Arthur"]
[Result "1-0"]
[PlyCount "47"]
[EventDate "2007.12.21"]
[EventType "swiss"]
[EventRounds "9"]
[EventCountry "NED"]
[Source "lmi"]
[SourceDate "2007.12.21"]
[WhiteElo "2210"]
[BlackElo "2000"]

1. e4 c5 2. Nf3 d6 3. Nc3 Nf6 4. d4 cxd4 5. Nxd4 a6 6. Bg5 e6 7. f4 Qb6 8. Qd2
Qxb2 9. Rb1 Qa3 10. f5 Nc6 11. fxe6 fxe6 12. Nxc6 bxc6 13. e5 dxe5 14. Bxf6
gxf6 15. Ne4 Qxa2 16. Rd1 Be7 17. Bd3 f5 18. O-O fxe4 19. Be2 Qd5 20. Bh5+ Kd7
21. Qc3 Bd6 22. Rf7+ Ke8 23. Rxd5 c5 24. Qa5 1-0

[Event "Groningen Chess Festival 2007"]
[Site "Groningen NED"]
[Date "2007.12.23"]
[Round "3.23"]
[White "Hoffmann, Ron"]
[Black "Burg, Twan"]
[Result "0-1"]
[PlyCount "54"]
[EventDate "2007.12.21"]
[EventType "swiss"]
[EventRounds "9"]
[EventCountry "NED"]
[Source "lmi"]
[SourceDate "2007.12.21"]
[WhiteElo "2158"]
[BlackElo "2275"]

1. Nf3 Nf6 2. g3 g6 3. Bg2 Bg7 4. O-O O-O 5. d3 d6 6. e4 c5 7. Nbd2 Nc6 8. a4
e5 9. Nc4 a6 10. a5 Be6 11. Nfd2 Qc7 12. Nb6 Rad8 13. Ndc4 d5 14. exd5 Nxd5 15.
f4 Nxb6 16. axb6 Qc8 17. Qf3 e4 18. Qxe4 Rfe8 19. Ne5 Bd5 20. Qa4 Nxe5 21. Bxd5
Rxd5 22. fxe5 Rexe5 23. Bd2 Rd4 24. Qa2 Re6 25. Rae1 Rdd6 26. Rxe6 Qxe6 27. Re1
Bd4+ 0-1

[Event "Groningen Chess Festival 2007"]
[Site "Groningen NED"]
[Date "2007.12.23"]
[Round "3.24"]
[White "Kamali, Mehran"]
[Black "Kuling, Lody"]
[Result "1/2-1/2"]
[PlyCount "96"]
[EventDate "2007.12.21"]
[EventType "swiss"]
[EventRounds "9"]
[EventCountry "NED"]
[Source "lmi"]
[SourceDate "2007.12.21"]
[WhiteElo "1988"]
[BlackElo "2213"]

1. e4 e5 2. Nf3 Nc6 3. Bb5 Nf6 4. O-O Nxe4 5. Re1 Nd6 6. Bxc6 dxc6 7. Nxe5 Be7
8. d4 O-O 9. Be3 Nf5 10. c4 Bf6 11. Nc3 Re8 12. f4 Bh4 13. g3 f6 14. gxh4 fxe5
15. dxe5 Qxh4 16. Qf3 Re6 17. Bf2 Rg6+ 18. Kh1 Qg4 19. Qxg4 Rxg4 20. e6 Rg6 21.
e7 Be6 22. Re5 Nxe7 23. Rae1 Bg4 24. Bg3 Nf5 25. Kg2 Rd8 26. Ne4 Nd6 27. h3
Nxe4 28. hxg4 Nxg3 29. Kxg3 Kf8 30. c5 Rf6 31. g5 Rf7 32. f5 Rfd7 33. f6 gxf6
34. gxf6 Kf7 35. Re6 Rg8+ 36. Kf4 Rg6 37. Re7+ Rxe7 38. Rxe7+ Kxf6 39. Rxh7 Rg7
40. Rxg7 Kxg7 41. Ke5 Kf7 42. b4 Ke7 43. a4 b6 44. a5 Kf7 45. Kf5 Ke7 46. Ke5
Kd7 47. a6 Ke7 48. Kf5 Kf7 1/2-1/2

[Event "Groningen Chess Festival 2007"]
[Site "Groningen NED"]
[Date "2007.12.24"]
[Round "4.1"]
[White "Banikas, Hristos"]
[Black "Li, Shilong"]
[Result "1-0"]
[PlyCount "127"]
[EventDate "2007.12.21"]
[EventType "swiss"]
[EventRounds "9"]
[EventCountry "NED"]
[Source "lmi"]
[SourceDate "2007.12.21"]
[WhiteElo "2591"]
[BlackElo "2509"]

1. d4 d5 2. c4 c6 3. Nf3 Nf6 4. e3 e6 5. Bd3 a6 6. b3 c5 7. O-O Nc6 8. Bb2 cxd4
9. exd4 Nb4 10. Be2 b6 11. Nc3 Be7 12. a3 Nc6 13. cxd5 exd5 14. Ne5 Bb7 15. Bf3
O-O 16. Re1 Na7 17. b4 Rc8 18. Qb3 Qd6 19. Rad1 Rc7 20. Rd3 Nb5 21. Nxb5 axb5
22. Be2 Ne4 23. f3 Ng5 24. Re3 f6 25. Ng4 Bc6 26. Bd3 Bd8 27. Bb1 h5 28. Nf2 h4
29. Ne4 Nxe4 30. fxe4 Rcf7 31. e5 Qe6 32. Bg6 Re7 33. Qd1 Be8 34. Bxe8 Rfxe8
35. Qh5 fxe5 36. dxe5 Rc7 37. Qe2 Rc4 38. Qd3 Bg5 39. Rf3 d4 40. Ref1 Be3+ 41.
Kh1 Rec8 42. Qe4 Qc6 43. Qxh4 Rc2 44. Bxd4 Qg6 45. g3 Bd2 46. Bg1 Bc3 47. Qe7
Qc6 48. Qf7+ Kh8 49. Qf5 Bb2 50. Re1 Rc4 51. Re2 Bxa3 52. e6 Bxb4 53. e7 Re8
54. Qh5+ Kg8 55. Qf7+ Kh7 56. Re6 Qa8 57. Be3 Kh8 58. Re5 Qa1+ 59. Bg1 Qxe5 60.
Qxe8+ Kh7 61. g4 Qd5 62. Qf7 Qxf7 63. Rxf7 Re4 64. Rf4 1-0

[Event "Groningen Chess Festival 2007"]
[Site "Groningen NED"]
[Date "2007.12.24"]
[Round "4.2"]
[White "Ernst, Sipke"]
[Black "Halkias, Stelios"]
[Result "1-0"]
[PlyCount "75"]
[EventDate "2007.12.21"]
[EventType "swiss"]
[EventRounds "9"]
[EventCountry "NED"]
[Source "lmi"]
[SourceDate "2007.12.21"]
[WhiteElo "2539"]
[BlackElo "2589"]

1. d4 d5 2. c4 e6 3. Nf3 Nf6 4. g3 dxc4 5. Bg2 Nbd7 6. Qa4 a6 7. Qxc4 b5 8. Qc6
Rb8 9. Bf4 Nd5 10. Bg5 Be7 11. Bxe7 Qxe7 12. Nc3 Nb4 13. Qxc7 Nc2+ 14. Kd1 Nxa1
15. Ne5 Nxe5 16. Qxb8 O-O 17. Qxe5 b4 18. Nd5 Qa7 19. Kd2 exd5 20. Rxa1 b3 21.
a3 Qb6 22. Rc1 Be6 23. Rc5 Qd8 24. Bxd5 Bxd5 25. Qxd5 Qf6 26. Ke1 Qg6 27. Qf5
Qd6 28. e3 g6 29. Qd5 Qe7 30. Kf1 Rb8 31. Kg1 h5 32. h4 Qe8 33. Rc3 Rb5 34. Qc6
Qe7 35. Qxa6 Rf5 36. Qc6 Kg7 37. Rxb3 g5 38. Rb6 1-0

[Event "Groningen Chess Festival 2007"]
[Site "Groningen NED"]
[Date "2007.12.24"]
[Round "4.5"]
[White "Reinderman, Dimitri"]
[Black "Hendriks, Willy"]
[Result "1-0"]
[PlyCount "95"]
[EventDate "2007.12.21"]
[EventType "swiss"]
[EventRounds "9"]
[EventCountry "NED"]
[Source "lmi"]
[SourceDate "2007.12.21"]
[WhiteElo "2510"]
[BlackElo "2402"]

1. c4 c5 2. Nf3 g6 3. d4 cxd4 4. Nxd4 Nc6 5. Nc2 Bg7 6. e4 d6 7. Be2 Nh6 8. O-O
f5 9. Nc3 O-O 10. exf5 Nxf5 11. Bf3 Kh8 12. Be4 Bd7 13. Bd2 Ne5 14. Qe2 a6 15.
a4 Qe8 16. Nd5 Rb8 17. Bc3 Qf7 18. Rfe1 e6 19. Nb6 Bc6 20. Rad1 Rbe8 21. Bxe5
Bxe5 22. Bxc6 bxc6 23. c5 Bxb2 24. cxd6 Bc3 25. d7 Rd8 26. Qxe6 Bxe1 27. Rxe1
Kg7 28. Nb4 Nd4 29. Qe5+ Qf6 30. Nxa6 Ne6 31. g3 Rf7 32. Kf1 Qxe5 33. Rxe5 Kf6
34. Re3 c5 35. Ke2 Nd4+ 36. Kd3 Nf5 37. Re1 Rfxd7+ 38. Nxd7+ Rxd7+ 39. Kc3 Rd5
40. a5 c4 41. Ra1 Nd6 42. Nb4 Rf5 43. f4 g5 44. g4 Rc5 45. Kd4 Rb5 46. Nd5+ Kf7
47. a6 Rb2 48. a7 1-0

[Event "Groningen Chess Festival 2007"]
[Site "Groningen NED"]
[Date "2007.12.24"]
[Round "4.6"]
[White "Geurink, Jasper"]
[Black "Adly, Ahmed"]
[Result "0-1"]
[PlyCount "80"]
[EventDate "2007.12.21"]
[EventType "swiss"]
[EventRounds "9"]
[EventCountry "NED"]
[Source "lmi"]
[SourceDate "2007.12.21"]
[WhiteElo "2339"]
[BlackElo "2494"]

1. e4 c5 2. Nc3 a6 3. g3 b5 4. Bg2 Bb7 5. d3 e6 6. f4 b4 7. Nce2 d5 8. e5 g5 9.
fxg5 Nd7 10. Nf3 Qc7 11. O-O Ne7 12. c3 bxc3 13. bxc3 h6 14. d4 Bc6 15. gxh6
Nf5 16. Ng5 Bxh6 17. Nxf7 Kxf7 18. g4 Nxe5 19. Bxh6 Rxh6 20. dxe5 Qxe5 21. h3
Rg8 22. Qd2 Rf6 23. Nf4 Qe3+ 24. Qf2 Qxf2+ 25. Rxf2 Ne3 26. Re1 Nxg2 27. Kxg2
Ke7 28. Kg3 Kd6 29. Rfe2 Bd7 30. Nh5 Rf5 31. Kh4 Rf3 32. Re3 Rxe3 33. Rxe3 d4
34. cxd4 cxd4 35. Re1 Ba4 36. Nf6 Rh8+ 37. Kg3 Bc2 38. g5 e5 39. h4 Ke6 40. h5
d3 0-1

[Event "Groningen Chess Festival 2007"]
[Site "Groningen NED"]
[Date "2007.12.24"]
[Round "4.7"]
[White "Lobzhanidze, Davit"]
[Black "Ringoir, Tanguy"]
[Result "1-0"]
[PlyCount "77"]
[EventDate "2007.12.21"]
[EventType "swiss"]
[EventRounds "9"]
[EventCountry "NED"]
[Source "lmi"]
[SourceDate "2007.12.21"]
[WhiteElo "2489"]
[BlackElo "2236"]

1. e4 c5 2. Nf3 d6 3. d4 cxd4 4. Nxd4 Nf6 5. Nc3 a6 6. Be3 e5 7. Nf3 Be7 8. Bc4
O-O 9. O-O Be6 10. Bb3 Qc7 11. Qe2 Rc8 12. Bg5 Nbd7 13. Rfd1 h6 14. Bxf6 Nxf6
15. Rac1 Bc4 16. Bxc4 Qxc4 17. Rd3 b5 18. Nd2 Qb4 19. Nb3 Qc4 20. Nd2 Qb4 21.
Nf1 Bd8 22. Rb1 Bb6 23. Ng3 g6 24. Rf3 Bd8 25. Qd2 h5 26. a3 Qd4 27. Rd3 Qc4
28. Rxd6 Be7 29. Rd3 h4 30. Nf5 gxf5 31. Qg5+ Kf8 32. Qh6+ Kg8 33. Qg5+ Kf8 34.
Qh6+ Kg8 35. Qxh4 f4 36. Qg5+ Kf8 37. Qh6+ Kg8 38. Rh3 Nh5 39. Rxh5 1-0

[Event "Groningen Chess Festival 2007"]
[Site "Groningen NED"]
[Date "2007.12.24"]
[Round "4.8"]
[White "Pruijssers, Roeland"]
[Black "Simutowe, Amon"]
[Result "0-1"]
[PlyCount "82"]
[EventDate "2007.12.21"]
[EventType "swiss"]
[EventRounds "9"]
[EventCountry "NED"]
[Source "lmi"]
[SourceDate "2007.12.21"]
[WhiteElo "2408"]
[BlackElo "2446"]

1. e4 c6 2. d4 d5 3. Nc3 dxe4 4. Nxe4 Bf5 5. Ng3 Bg6 6. h4 h6 7. Nf3 Nd7 8. h5
Bh7 9. Bd3 Bxd3 10. Qxd3 Ngf6 11. Bf4 Qa5+ 12. Bd2 Qc7 13. O-O-O e6 14. Ne4
O-O-O 15. g3 Nxe4 16. Qxe4 Nf6 17. Qe2 Rd5 18. Ne5 Rxd4 19. Bf4 Re4 20. Qd3 Bc5
21. Ng6 Rxf4 22. Nxf4 Bxf2 23. Kb1 Qe5 24. Rhf1 Bb6 25. Qa3 Re8 26. Qd6 Qxd6
27. Rxd6 Nd5 28. Nd3 Re7 29. Ne5 Bc7 30. Nxf7 Nf6 31. Rf3 Rxf7 32. Rxe6 Rd7 33.
c4 Nxh5 34. Rf8+ Bd8 35. Rg6 Nf6 36. a3 Kc7 37. Ka2 Nh7 38. Rf2 Ng5 39. c5 Bf6
40. g4 Ne4 41. Rc2 Rd2 0-1

[Event "Groningen Chess Festival 2007"]
[Site "Groningen NED"]
[Date "2007.12.24"]
[Round "4.10"]
[White "Michielsen, Joost"]
[Black "Swinkels, Robin"]
[Result "1/2-1/2"]
[PlyCount "59"]
[EventDate "2007.12.21"]
[EventType "swiss"]
[EventRounds "9"]
[EventCountry "NED"]
[Source "lmi"]
[SourceDate "2007.12.21"]
[WhiteElo "2309"]
[BlackElo "2433"]

1. e4 c5 2. Nf3 d6 3. d4 cxd4 4. Nxd4 Nf6 5. Nc3 Nc6 6. Bc4 Qb6 7. Nb3 e6 8.
Bf4 Ne5 9. Be2 Bd7 10. O-O Be7 11. Be3 Qc7 12. Nd2 Bc6 13. a4 Ned7 14. f4 O-O
15. Bf3 Rfd8 16. Qe2 e5 17. f5 h6 18. g3 b6 19. h4 Qb7 20. Qg2 Nf8 21. Nd5 Bxd5
22. exd5 N8d7 23. g4 e4 24. Bxe4 Nxe4 25. Nxe4 Bxh4 26. Nxd6 Qc7 27. Nb5 Qc8
28. Nd6 Qb8 29. Nb5 Qc8 30. Nd6 1/2-1/2

[Event "Groningen Chess Festival 2007"]
[Site "Groningen NED"]
[Date "2007.12.24"]
[Round "4.12"]
[White "Goudriaan, Etienne"]
[Black "Rotstein, Arkadij"]
[Result "0-1"]
[PlyCount "66"]
[EventDate "2007.12.21"]
[EventType "swiss"]
[EventRounds "9"]
[EventCountry "NED"]
[Source "lmi"]
[SourceDate "2007.12.21"]
[WhiteElo "2123"]
[BlackElo "2534"]

1. d4 Nf6 2. Nf3 e6 3. Bg5 h6 4. Bxf6 Qxf6 5. e4 d6 6. Nc3 g6 7. e5 Qe7 8. Bd3
Bg7 9. Qe2 d5 10. Nd1 c5 11. c3 Nc6 12. O-O g5 13. Ne3 h5 14. h3 Bd7 15. Rfe1
O-O-O 16. dxc5 g4 17. hxg4 Rdg8 18. g5 Nxe5 19. Nxe5 Bxe5 20. Nxd5 Qxg5 21. f4
Bxf4 22. Nxf4 Qxf4 23. Be4 Qc7 24. b4 h4 25. Rad1 h3 26. Rxd7 Qxd7 27. c6 bxc6
28. Qa6+ Qb7 29. Qxb7+ Kxb7 30. b5 hxg2 31. bxc6+ Kc7 32. Bxg2 Rh5 33. Kf1 Rf5+
0-1

[Event "Groningen Chess Festival 2007"]
[Site "Groningen NED"]
[Date "2007.12.24"]
[Round "4.14"]
[White "De Jong, Migchiel"]
[Black "Kleijn, Christov"]
[Result "1/2-1/2"]
[PlyCount "100"]
[EventDate "2007.12.21"]
[EventType "swiss"]
[EventRounds "9"]
[EventCountry "NED"]
[Source "lmi"]
[SourceDate "2007.12.21"]
[WhiteElo "2341"]
[BlackElo "2210"]

1. Nf3 Nf6 2. c4 g6 3. b4 Bg7 4. Bb2 O-O 5. e3 d6 6. d4 e5 7. dxe5 Ng4 8. Nc3
Nxe5 9. Nxe5 Bxe5 10. Be2 Be6 11. O-O a5 12. a3 Nd7 13. Qb3 Nb6 14. Rad1 f5 15.
Nd5 Nxd5 16. cxd5 Bf7 17. b5 Qf6 18. Bxe5 dxe5 19. Qc3 Qe7 20. b6 Rfc8 21. bxc7
Rxc7 22. Qb2 Qd6 23. Rd2 Rd8 24. Rfd1 Be8 25. Bb5 Bxb5 26. Qxb5 b6 27. a4 Rc5
28. Qb3 Kg7 29. g3 Rb8 30. Rb2 Rd8 31. Qxb6 Qxb6 32. Rxb6 Rcxd5 33. Rxd5 Rxd5
34. Kg2 h5 35. h4 Rc5 36. Rb5 Rxb5 37. axb5 a4 38. b6 a3 39. b7 a2 40. b8=Q
a1=Q 41. Qc7+ Kf6 42. Qd6+ Kf7 43. Qd5+ Kf6 44. e4 fxe4 45. Qxe4 Qd4 46. Qc6+
Kg7 47. Qc7+ Kf6 48. Qc6+ Kg7 49. Qb7+ Kf6 50. Qf3+ Kg7 1/2-1/2

[Event "Groningen Chess Festival 2007"]
[Site "Groningen NED"]
[Date "2007.12.24"]
[Round "4.15"]
[White "Van Ketel, Raoul"]
[Black "Otte, Marijn"]
[Result "1/2-1/2"]
[PlyCount "61"]
[EventDate "2007.12.21"]
[EventType "swiss"]
[EventRounds "9"]
[EventCountry "NED"]
[Source "lmi"]
[SourceDate "2007.12.21"]
[WhiteElo "2336"]
[BlackElo "2155"]

1. d4 Nf6 2. c4 c5 3. d5 e5 4. Nc3 d6 5. e4 Be7 6. g3 Na6 7. Bg2 Nc7 8. Nge2 h5
9. h4 a6 10. a4 b6 11. Rb1 a5 12. f3 Ng8 13. Be3 Nh6 14. Qd2 Na6 15. Nb5 Bf6
16. Nc1 Qe7 17. Nd3 Nb4 18. Nxb4 axb4 19. Ra1 Ra5 20. O-O Bd7 21. b3 Kd8 22.
Ra2 Kc8 23. Qd3 Kb7 24. Re2 g6 25. Qd2 Bg7 26. Qe1 Raa8 27. Bd2 Bf6 28. Qc1 Bg7
29. Qe1 Bf6 30. Qc1 Bg7 31. Qe1 1/2-1/2

[Event "Groningen Chess Festival 2007"]
[Site "Groningen NED"]
[Date "2007.12.24"]
[Round "4.16"]
[White "Van Oosterom, Chiel"]
[Black "Hartoch, Robert G"]
[Result "1-0"]
[PlyCount "87"]
[EventDate "2007.12.21"]
[EventType "swiss"]
[EventRounds "9"]
[EventCountry "NED"]
[Source "lmi"]
[SourceDate "2007.12.21"]
[WhiteElo "2401"]
[BlackElo "2232"]

1. e4 d6 2. d4 Nf6 3. Nc3 g6 4. Be3 c6 5. h3 Bg7 6. Qd2 Nbd7 7. g4 b5 8. Bg2
Nb6 9. b3 Bb7 10. g5 Nfd7 11. f4 b4 12. Nce2 c5 13. Ng3 O-O 14. Nf3 cxd4 15.
Bxd4 e5 16. Bb2 exf4 17. Bxg7 Kxg7 18. Qxf4 Qc7 19. O-O Ne5 20. Rad1 Nxf3+ 21.
Rxf3 Rad8 22. c4 Qc5+ 23. Kh2 Nc8 24. h4 Qe5 25. Qf6+ Qxf6 26. gxf6+ Kh6 27.
Rfd3 Rde8 28. Rd4 Re6 29. Rf1 Rfe8 30. Rf4 Re5 31. Nf1 g5 32. Rg4 gxh4 33. Ne3
Rg5 34. Rxh4+ Kg6 35. Rf4 Ree5 36. Bh3 Ra5 37. Rd2 h5 38. Rff2 Ra3 39. Bf5+ Kh6
40. c5 dxc5 41. Rd8 Rxf5 42. Nxf5+ Kg5 43. e5 Nb6 44. Rg8# 1-0

[Event "Groningen Chess Festival 2007"]
[Site "Groningen NED"]
[Date "2007.12.24"]
[Round "4.18"]
[White "Hovenga, Alje"]
[Black "Pel, Bonno"]
[Result "1-0"]
[PlyCount "89"]
[EventDate "2007.12.21"]
[EventType "swiss"]
[EventRounds "9"]
[EventCountry "NED"]
[Source "lmi"]
[SourceDate "2007.12.21"]
[WhiteElo "2186"]
[BlackElo "2280"]

1. d4 d6 2. Nf3 g6 3. c4 Bg7 4. Nc3 e5 5. e4 Nc6 6. d5 Nce7 7. Be2 h6 8. h4 Nf6
9. Nd2 c6 10. Nf1 Bd7 11. Be3 cxd5 12. cxd5 b5 13. Ng3 b4 14. Nb1 h5 15. f3 O-O
16. Nf1 Kh7 17. g4 hxg4 18. h5 Rh8 19. Ng3 gxf3 20. Bxf3 Kg8 21. h6 Bf8 22. Qe2
Kh7 23. Nd2 Rc8 24. Bg5 Neg8 25. Qg2 Qb6 26. Be2 Ng4 27. Ngf1 N4xh6 28. Be3 Qd8
29. Nf3 f6 30. Ng3 Rc2 31. Kf2 Kg7 32. Nd2 Bg4 33. Nh5+ gxh5 34. Rxh5 Kf7 35.
Bxg4 Nxg4+ 36. Qxg4 Rxh5 37. Qxh5+ Ke7 38. Qh7+ Ke8 39. Qxg8 Kd7 40. Ke2 f5 41.
Rh1 f4 42. Rh7+ Kc8 43. Qf7 Rc7 44. Qxc7+ Qxc7 45. Rxc7+ 1-0

[Event "Groningen Chess Festival 2007"]
[Site "Groningen NED"]
[Date "2007.12.24"]
[Round "4.19"]
[White "Burg, Twan"]
[Black "Vogel, Jaap"]
[Result "1-0"]
[PlyCount "59"]
[EventDate "2007.12.21"]
[EventType "swiss"]
[EventRounds "9"]
[EventCountry "NED"]
[Source "lmi"]
[SourceDate "2007.12.21"]
[WhiteElo "2275"]
[BlackElo "2218"]

1. e4 e6 2. d4 d5 3. Nd2 Nf6 4. e5 Nfd7 5. c3 c5 6. Bd3 Nc6 7. Ne2 a5 8. O-O
cxd4 9. cxd4 Nb6 10. a3 a4 11. Rb1 Na5 12. Nc3 Bd7 13. Bc2 Nac4 14. Nxc4 dxc4
15. d5 Ra5 16. dxe6 Bxe6 17. Qe2 Qc7 18. f4 Be7 19. Kh1 O-O 20. Bd2 Bd7 21. Ne4
Rd5 22. Bc3 Bc8 23. Rbe1 g6 24. f5 Rxe5 25. Bxe5 Qxe5 26. f6 Bd8 27. Qe3 Qh5
28. Ng3 Qh4 29. Qc5 Bxf6 30. Qxb6 1-0

[Event "Groningen Chess Festival 2007"]
[Site "Groningen NED"]
[Date "2007.12.24"]
[Round "4.20"]
[White "Cooke, Eric"]
[Black "Jellema, Yme Jan"]
[Result "1/2-1/2"]
[PlyCount "76"]
[EventDate "2007.12.21"]
[EventType "swiss"]
[EventRounds "9"]
[EventCountry "NED"]
[Source "lmi"]
[SourceDate "2007.12.21"]
[WhiteElo "2253"]
[BlackElo "2119"]

1. e4 c6 2. d4 d5 3. Nc3 dxe4 4. Nxe4 Bf5 5. Ng3 Bg6 6. h4 h6 7. h5 Bh7 8. Nf3
Nd7 9. Bd3 Bxd3 10. Qxd3 e6 11. Bd2 Qc7 12. O-O-O O-O-O 13. Qe2 Ngf6 14. Ne5
Nb6 15. Ba5 Rd5 16. Bxb6 axb6 17. f4 b5 18. Rhf1 Bb4 19. c3 Ba5 20. Ne4 Qe7 21.
g4 Bb6 22. Kb1 b4 23. c4 Rxd4 24. Rxd4 Bxd4 25. Nxf7 Nxe4 26. Qxe4 Qxf7 27.
Qxd4 Rd8 28. Qe4 e5 29. Qxe5 Qxc4 30. Qf5+ Kc7 31. Re1 Rd5 32. Qg6 Rd2 33. Ka1
Qd4 34. Rb1 Rf2 35. g5 Kb6 36. gxh6 gxh6 37. Qxh6 Rxb2 38. Rxb2 Qd1+ 1/2-1/2

[Event "Groningen Chess Festival 2007"]
[Site "Groningen NED"]
[Date "2007.12.24"]
[Round "4.21"]
[White "Van Kampen, Robin Oscar"]
[Black "Pham, Toan Thanh"]
[Result "1-0"]
[PlyCount "83"]
[EventDate "2007.12.21"]
[EventType "swiss"]
[EventRounds "9"]
[EventCountry "NED"]
[Source "lmi"]
[SourceDate "2007.12.21"]
[WhiteElo "2252"]
[BlackElo "2100"]

1. e4 c5 2. Nf3 g6 3. d4 cxd4 4. Nxd4 Bg7 5. c4 Nc6 6. Be3 Nf6 7. Nc3 O-O 8.
Be2 d6 9. O-O Bd7 10. Qd2 Nxd4 11. Bxd4 Bc6 12. f3 a5 13. Kh1 Nd7 14. Bxg7 Kxg7
15. b3 Nc5 16. Rab1 Qb6 17. Rfd1 Rfe8 18. a3 f6 19. b4 axb4 20. axb4 Ne6 21. c5
Qc7 22. b5 Nxc5 23. bxc6 bxc6 24. Bc4 Ra3 25. Ne2 Rea8 26. Nd4 Qc8 27. h3 R3a4
28. Qc2 e5 29. Nb3 Nb7 30. Nc1 R4a5 31. Bb3 Qc7 32. Nd3 Ra3 33. Bd5 Nd8 34. Nb4
Rc8 35. Rdc1 c5 36. Nd3 Nc6 37. Qd2 Nd8 38. Nb2 Qa5 39. Qxa5 Rxa5 40. Nc4 Ra6
41. Ra1 Rxa1 42. Rxa1 1-0

[Event "Groningen Chess Festival 2007"]
[Site "Groningen NED"]
[Date "2007.12.24"]
[Round "4.24"]
[White "Pijpers, Arthur"]
[Black "Kamali, Mehran"]
[Result "1-0"]
[PlyCount "47"]
[EventDate "2007.12.21"]
[EventType "swiss"]
[EventRounds "9"]
[EventCountry "NED"]
[Source "lmi"]
[SourceDate "2007.12.21"]
[WhiteElo "2000"]
[BlackElo "1988"]

1. e4 c5 2. Nf3 d6 3. d4 cxd4 4. Nxd4 Nf6 5. Nc3 a6 6. Bg5 e6 7. f4 Nbd7 8. Qf3
Qc7 9. O-O-O b5 10. Bxb5 axb5 11. Ndxb5 Qb8 12. e5 Bb7 13. Qe2 dxe5 14. Qc4 Be7
15. Nc7+ Kf8 16. Rxd7 Nxd7 17. Rd1 Bd5 18. N3xd5 Bxg5 19. fxg5 exd5 20. Rxd5
Ke7 21. Qc6 Qc8 22. Qd6+ Kd8 23. Nxa8 Ke8 24. Nb6 1-0

[Event "Groningen Chess Festival 2007"]
[Site "Groningen NED"]
[Date "2007.12.24"]
[Round "4.25"]
[White "Wielenga, Wiebe"]
[Black "Hoffmann, Ron"]
[Result "1/2-1/2"]
[PlyCount "89"]
[EventDate "2007.12.21"]
[EventType "swiss"]
[EventRounds "9"]
[EventCountry "NED"]
[Source "lmi"]
[SourceDate "2007.12.21"]
[WhiteElo "2118"]
[BlackElo "2158"]

1. e4 Nc6 2. Nf3 d6 3. d4 Bg4 4. Be3 Nf6 5. Nc3 e6 6. h3 Bh5 7. Bb5 a6 8. Ba4
d5 9. g4 Bg6 10. Ne5 Nd7 11. Nxc6 bxc6 12. Bxc6 Rb8 13. exd5 Rxb2 14. O-O Rxc2
15. Rc1 Rxc1 16. Bxc1 Bb4 17. dxe6 fxe6 18. d5 e5 19. Qb3 Bxc3 20. Qxc3 O-O 21.
Ba3 Rf4 22. Bc1 Rf8 23. Re1 Qh4 24. Qg3 Qd8 25. Bb2 e4 26. Rc1 Rf3 27. Qh2 Nf6
28. Bb7 Nxd5 29. Qe5 Nf6 30. Bd4 Rd3 31. Be3 Rd6 32. g5 Nd7 33. Qa5 Nb6 34. Bf4
Rd1+ 35. Rxd1 Qxd1+ 36. Kh2 Qf3 37. Qd2 Qd3 38. Qb2 Bf7 39. Qe5 Qc2 40. Be3 Nc4
41. Qxc7 Qa4 42. Bc6 Qb4 43. Bd4 Qd6+ 44. Qxd6 Nxd6 45. Bc5 1/2-1/2